| 000 | 00384nam a2200133Ia 4500 | ||
|---|---|---|---|
| 008 | 231129s9999||||xx |||||||||||||| ||spa|| | ||
| 020 | _a84-481-0849-3 | ||
| 040 | _bspa | ||
| 082 | _a658.406 K55c | ||
| 100 | _aKreitner Robert | ||
| 245 | 0 | _aComportamiento de las organizaciones | |
| 264 | _aMadrid EspaƱa: McGraw-Hill/Irwin | ||
| 942 |
_2ddc _cBKS |
||
| 999 |
_c7763 _d7763 |
||